000 004200000a22001810004500
003 LK-CoMWRAF
008 230817t ||||| |||| 00| 0 eng d
020 _a
040 _aLK-CoMWRAF
_dLK-CoMWRAF
_eLK-CoMWRAF
041 _aeng
082 _a010
_bSOM
100 _aSomakandhan,Padma
245 _aEElaththu Manpuru Makalir
_b
260 _aColombo
_bKumaran
_c2003
300 _ap.188
650 _aTamil
942 _cBK
999 _c515
_d515